Black thread disease, control measures and yield stimulation in Hevea brasiliensis in Liberia (Record no. 43395)

MARC details
000 -LEADER
fixed length control field 00408nam a2200133Ia 4500
082 ## - DEWEY DECIMAL CLASSIFICATION NUMBER
Classification number NR:63:581.2
Item number SCH
100 ## - MAIN ENTRY--AUTHOR NAME
Personal name Schreurs, J
245 #0 - TITLE STATEMENT
Title Black thread disease, control measures and yield stimulation in Hevea brasiliensis in Liberia
260 ## - PUBLICATION, DISTRIBUTION, ETC. (IMPRINT)
Place of publication Wageningen
Name of publisher Veerman
Year of publication 1972
650 ## - SUBJECT ADDED ENTRY--TOPICAL TERM
Topical Term Black thread disease
650 ## - SUBJECT ADDED ENTRY--TOPICAL TERM
Topical Term Hevea diseases
942 ## - ADDED ENTRY ELEMENTS (KOHA)
Koha item type Books
Holdings
Withdrawn status Lost status Damaged status Not for loan Home library Current library Date acquired Source of acquisition Full call number Accession Number Koha item type
        RRII Library RRII Library 16/12/2021 Gift NR:63:581.2 SCH G00117 Books